000 00643nam a22002297a 4500
005 20211111113608.0
008 211111b ||||| |||| 00| 0 eng d
020 _a9789391527068
040 _aIN-DiNC
_cIN-DiNC
041 _dasm
082 _a320.954162
_bASO
245 _aAsomor samasamayik rajneeti/
_cby Nabin Gohain and others
250 _a1st ed.
260 _aJorhat:
_bBidya bhawan,
_c2021
300 _a347p.
650 _aContemporary politics in Assam
700 _aGohain, Nabin
_eauthor
700 _aBora, Pankaj
_eauthor
700 _aGogoi, Trailukya
_eauthor
700 _aSaikia, Pranjit
_eauthor
942 _2ddc
_cBK
999 _c11219
_d11219